[Event "Stay Safe Play From Home 222"]
[Site "T#646744Emanuel Laske"]
[Date "2020.06.12"]
[Round "6"]
[White "Timbre"]
[Black "Shyamph1980"]
[Result "1-0"]
[WhiteElo "1632"]
[BlackElo "1702"]
[Annotator "NA RC"]
[PlyCount "67"]
[EventDate "2020.06.12"]
[EventType "swiss (blitz)"]

1. d4 {[%emt 0:00:11]} Nf6 {[%emt 0:00:02]} 2. Nf3 {[%emt 0:00:01]} e6 {[%emt 0:00:02]} 3. c3 {[%emt 0:00:01]} d5 {[%emt 0:00:04]} 4. Bf4 {[%emt 0:00:01]} Bd6 {[%emt 0:00:01]} 5. Bg3 {[%emt 0:00:01]} Bxg3 {[%emt 0:00:02]} 6. hxg3 {[%emt 0:00:02]} Nbd7 {[%emt 0:00:01]} 7. e3 {[%emt 0:00:01]} c5 {[%emt 0:00:01]} 8. Bd3 {[%emt 0:00:01]} c4 {[%emt 0:00:02]} 9. Bc2 {[%emt 0:00:02]} b5 {[%emt 0:00:00]} 10. Qe2 {[%emt 0:00:01]} a5 {[%emt 0:00:01]} 11. a3 {[%emt 0:00:01]} Qb6 {[%emt 0:00:03]} 12. Nbd2 {[%emt 0:00:02]} Ba6 {[%emt 0:00:10]} 13. e4 {[%emt 0:00:02]} Ng8 {[%emt 0:00:31]} 14. exd5 {[%emt 0:00:02]} Ne7 {[%emt 0:00:03]} 15. dxe6 {[%emt 0:00:03]} fxe6 {[%emt 0:00:05]} 16. Qe4 {[%emt 0:00:04]} Bb7 {[%emt 0:00:05]} 17. Qe3 {[%emt 0:00:16]} Rc8 {[%emt 0:00:06]} 18. Be4 {[%emt 0:00:04]} Nf6 {[%emt 0:00:05]} 19. Bxb7 {[%emt 0:00:02]} Qxb7 {[%emt 0:00:01]} 20. Qxe6 {[%emt 0:00:04]} Rc6 {[%emt 0:00:01]} 21. Qe3 {[%emt 0:00:11]} O-O {[%emt 0:00:01]} 22. O-O {[%emt 0:00:03]} Re8 {[%emt 0:00:02]} 23. Qf4 {[%emt 0:00:04]} Ned5 {[%emt 0:00:03]} 24. Qh4 {[%emt 0:00:03]} b4 {[%emt 0:00:08]} 25. axb4 {[%emt 0:00:03]} axb4 {[%emt 0:00:02]} 26. Ne5 {[%emt 0:00:02]} Rcc8 {[%emt 0:00:13]} 27. Rac1 {[%emt 0:00:05]} bxc3 {[%emt 0:00:02]} 28. bxc3 {[%emt 0:00:02]} Qb2 {[%emt 0:00:01]} 29. Ndxc4 {[%emt 0:00:05]} Qb3 {[%emt 0:00:10]} 30. Nd6 {[%emt 0:00:03]} Rxc3 {[%emt 0:00:13]} 31. Rxc3 {[%emt 0:00:04]} Nxc3 {[%emt 0:00:01]} 32. Nxe8 {[%emt 0:00:02]} Ne2+ {[%emt 0:00:02]} 33. Kh2 {[%emt 0:00:06]} Nxe8 {[%emt 0:00:01]} 34. Qe7 {[%emt 0:00:11] Shyamph1980 resigns (Lag: Av=0.56s, max=0.9s)} 1-0

[Event "Stay Safe Play From Home 222"]
[Site "T#646744Emanuel Laske"]
[Date "2020.06.12"]
[Round "6"]
[White "Erdema"]
[Black "Little champs"]
[Result "0-1"]
[WhiteElo "1609"]
[BlackElo "2085"]
[Annotator "TA"]
[PlyCount "92"]
[EventDate "2020.06.12"]
[EventType "swiss (blitz)"]

{[%evp 9,91,162,177,183,182,166,162,151,166,146,153,139,141,141,123,84,104,63,84,0,0,-44,-49,-55,-27,-69,-65,-277,-266,-303,-263,-265,-269,-325,-322,-389,-400,-454,-425,-428,-425,-438,-447,-472,-466,-511,-483,-527,-519,-553,-511,-629,-483,-603,-486,-696,-592,-582,-572,-582,-583,-679,-661,-716,-696,-776,-714,-714,-711,-707,-702,-683,-673,-697,-663,-2731,-2591,-5820,-9320,-11011,-5777,-29982,-29983,-29999]} 1. e4 c5 2. Nf3 d6 3. d4 c4 4. Bxc4 e6 {[#]} 5. d5 $146 ({Predecessor:} 5. O-O Be7 6. Nc3 Nf6 7. e5 dxe5 8. dxe5 Nfd7 9. Ne4 Qc7 10. Bb5 O-O 11. Bf4 {1-0 (19) Zarges,R (2184)-Dedrick,R ICCF email 2011}) 5... e5 6. Bb5+ {B53: Sicilian: 2...d6: Lines with Qxd4.} Bd7 7. Bxd7+ Nxd7 8. O-O {White is clearly better.} Ngf6 9. Nc3 Be7 10. a3 O-O 11. Be3 a6 12. Qd2 Rc8 13. Rac1 b5 14. Na2 ({Better is} 14. Qd3 $16) 14... Nxe4 $11 15. Qd1 Nef6 16. Nb4 Nb8 $1 17. c3 a5 18. Nd3 $2 ({White should try} 18. Nc2 $15) 18... e4 $19 {[%mdl 64] [#] Double Attack} ({Much less strong is} 18... Nxd5 19. Nd2 $17) 19. Bd4 exd3 (19... exf3 20. Qxf3 Nbd7 21. Rfe1 $19) 20. Qxd3 Nbd7 ({Don't take} 20... Nxd5 {[#]} 21. Bxg7 $1 {[%mdl 512]} Nf4 22. Qe4 $19) 21. Be3 Nc5 22. Bxc5 Rxc5 ({Don't play} 22... dxc5 23. Qxb5 Qxd5 24. Rb1 $19) 23. c4 bxc4 24. Rxc4 Rxd5 25. Rd4 Rxd4 26. Qxd4 Qc7 27. Rd1 Rc8 28. h3 h6 29. Re1 Bf8 30. Nh4 Qc5 31. Qf4 Qc4 32. Qg3 (32. Qxc4 $142 Rxc4 33. Nf3) 32... Nh5 33. Qg4 Qxg4 34. hxg4 Nf6 35. f3 Rc2 36. Rb1 d5 37. Nf5 Bc5+ 38. Kh2 Kh7 39. b4 axb4 40. axb4 Bb6 41. b5 g6 42. Nd6 Bc7 43. b6 Bxd6+ 44. Kh1 Bb8 45. b7 d4 46. Rb6 Rc1# {Black took control after the opening. Accuracy: White = 30%, Black = 90%.} 0-1

[Event "Stay Safe Play From Home 222"]
[Site "T#646744Emanuel Laske"]
[Date "2020.06.12"]
[Round "6"]
[White "Topspin"]
[Black "BOODWUTCHER"]
[Result "1-0"]
[WhiteElo "1447"]
[BlackElo "1228"]
[Annotator "NA RC"]
[PlyCount "39"]
[EventDate "2020.06.12"]
[EventType "swiss (blitz)"]

1. e4 {[%emt 0:00:05]} d5 {[%emt 0:00:01]} 2. exd5 {[%emt 0:00:02]} Qxd5 {[%emt 0:00:13]} 3. Nf3 {[%emt 0:00:02]} Bg4 {[%emt 0:00:03]} 4. Be2 {[%emt 0:00:01]} Nf6 {[%emt 0:00:07]} 5. c4 {[%emt 0:00:04]} Qd8 {[%emt 0:00:03]} 6. O-O {[%emt 0:00:01]} Bxf3 {[%emt 0:00:01]} 7. Bxf3 {[%emt 0:00:02]} c6 {[%emt 0:00:01]} 8. d3 {[%emt 0:00:06]} e6 {[%emt 0:00:01]} 9. Bg5 {[%emt 0:00:01]} Be7 {[%emt 0:00:01]} 10. Nc3 {[%emt 0:00:02]} Nbd7 {[%emt 0:00:01]} 11. Qc2 {[%emt 0:00:04]} O-O {[%emt 0:00:02]} 12. Rad1 {[%emt 0:00:01]} Ne5 {[%emt 0:00:02]} 13. Be2 {[%emt 0:00:06]} Nfg4 {[%emt 0:00:15]} 14. Bxe7 {[%emt 0:00:08]} Qxe7 {[%emt 0:00:01]} 15. d4 {[%emt 0:00:01]} Qh4 {[%emt 0:00:12]} 16. h3 {[%emt 0:00:03]} Nf6 {[%emt 0:00:23]} 17. dxe5 {[%emt 0:00:03]} Nh5 {[%emt 0:00:08]} 18. Bxh5 {[%emt 0:00:04]} Qxh5 {[%emt 0:00:01]} 19. Qe2 {[%emt 0:00:02]} h6 {[%emt 0:00:05]} 20. Qxh5 {[%emt 0:00:02] BOODWUTCHER resigns (Lag: Av=2.00s, max=5.6s)} 1-0

[Event "Stay Safe Play From Home 222"]
[Site "T#646744Emanuel Laske"]
[Date "2020.06.12"]
[Round "6"]
[White "Galatasaray01"]
[Black "Germanicus G"]
[Result "0-1"]
[WhiteElo "1192"]
[BlackElo "1598"]
[Annotator "NA RC"]
[PlyCount "66"]
[EventDate "2020.06.12"]
[EventType "swiss (blitz)"]

1. e4 {[%emt 0:00:03]} e6 {[%emt 0:00:00]} 2. d4 {[%emt 0:00:02]} d5 {[%emt 0:00:00]} 3. e5 {[%emt 0:00:02]} c5 {[%emt 0:00:02]} 4. Nf3 {[%emt 0:00:01]} Nc6 {[%emt 0:00:00]} 5. Be3 {[%emt 0:00:06]} cxd4 {[%emt 0:00:19]} 6. Nxd4 {[%emt 0:00:02]} Nxe5 {[%emt 0:00:03]} 7. Bb5+ {[%emt 0:00:07]} Bd7 {[%emt 0:00:02]} 8. O-O {[%emt 0:00:09]} Nc6 {[%emt 0:00:02]} 9. Nc3 {[%emt 0:00:07]} Nf6 {[%emt 0:00:02]} 10. Bg5 {[%emt 0:00:16]} Be7 {[%emt 0:00:06]} 11. Re1 {[%emt 0:00:07]} O-O {[%emt 0:00:02]} 12. Qd2 {[%emt 0:00:03]} Nxd4 {[%emt 0:00:05]} 13. Qxd4 {[%emt 0:00:03]} Bxb5 {[%emt 0:00:02]} 14. Nxb5 {[%emt 0:00:02]} a6 {[%emt 0:00:01]} 15. Nc3 {[%emt 0:00:02]} h6 {[%emt 0:00:06]} 16. Bxh6 {[%emt 0:00:08]} gxh6 {[%emt 0:00:03]} 17. Qe3 {[%emt 0:00:01]} Kh7 {[%emt 0:00:11]} 18. Ne2 {[%emt 0:00:10]} Ng8 {[%emt 0:00:03]} 19. Nf4 {[%emt 0:00:04]} Bg5 {[%emt 0:00:04]} 20. Qe5 {[%emt 0:00:04]} Qf6 {[%emt 0:00:05]} 21. Qxf6 {[%emt 0:00:14]} Bxf6 {[%emt 0:00:04]} 22. Nh5 {[%emt 0:00:02]} Bxb2 {[%emt 0:00:11]} 23. Rab1 {[%emt 0:00:02]} Bc3 {[%emt 0:00:15]} 24. Re3 {[%emt 0:00:04]} d4 {[%emt 0:00:09]} 25. Rg3 {[%emt 0:00:09]} f5 {[%emt 0:00:06]} 26. Rxb7+ {[%emt 0:00:10]} Kh8 {[%emt 0:00:02]} 27. Rg6 {[%emt 0:00:10]} Rab8 {[%emt 0:00:11]} 28. Rxb8 {[%emt 0:00:31]} Rxb8 {[%emt 0:00:05]} 29. g3 {[%emt 0:00:01]} Rb2 {[%emt 0:00:06]} 30. Rxe6 {[%emt 0:00:02]} Rxc2 {[%emt 0:00:02]} 31. a4 {[%emt 0:00:02]} d3 {[%emt 0:00:01]} 32. Re8 {[%emt 0:00:04]} Kh7 {[%emt 0:00:07]} 33. Nf6+ {[%emt 0:00:01]} Nxf6 {[%emt 0:00:03] Galatasaray01 terk eder (Lag: Av=0.83s, max=1.8s)} 0-1

[Event "Stay Safe Play From Home 222"]
[Site "T#646744Emanuel Laske"]
[Date "2020.06.12"]
[Round "7"]
[White "Little champs"]
[Black "Timbre"]
[Result "1-0"]
[WhiteElo "2087"]
[BlackElo "1653"]
[Annotator "TA"]
[PlyCount "99"]
[EventDate "2020.06.12"]
[EventType "swiss (blitz)"]

{[%evp 9,99,7,13,5,12,0,0,-4,-8,-8,-7,-8,4,-7,8,0,5,-18,8,8,11,10,12,0,12,0,-2,-4,15,18,22,15,86,86,86,86,84,84,69,76,94,54,104,47,47,47,170,135,136,136,144,144,141,110,132,110,122,111,195,170,172,127,319,319,312,286,395,335,834,705,891,805,1248,1043,1551,1498,1171,1119,5921,5342,29976,4627,4627,4085,29976,29977,29976,29976,29980,29981,29977,29978]} 1. d4 d5 2. e3 c6 3. c4 Nf6 4. Nc3 Bf5 5. Bd3 Bxd3 6. Qxd3 {D10: Slav Defence: 3 cxd5 (without early Nf3) and 3 Nc3.} e6 7. Nge2 Bd6 8. e4 {The position is equal.} dxe4 9. Nxe4 Nxe4 10. Qxe4 {[#]} Bb4+ $146 ({Predecessor:} 10... O-O 11. O-O Qc7 12. f4 c5 13. Kh1 Qc6 14. d5 exd5 15. cxd5 Qe8 16. Qf3 Nd7 {0-1 (64) Jelen,J (1991)-Barnowski,S (1831) Rowy 2012}) 11. Nc3 Nd7 12. O-O Nf6 13. Qf4 Bd6 14. Qf3 O-O 15. Bg5 Be7 16. Rad1 Qa5 17. Bxf6 Bxf6 18. Ne4 $36 {[%mdl 2048] White has the initiative.} Qd8 19. d5 cxd5 20. cxd5 exd5 {[#]} (20... Bxb2 $11 21. d6 g6) 21. Rxd5 $1 $16 {[%mdl 512]} Qb6 (21... Qxd5 22. Nxf6+) 22. Nxf6+ Qxf6 23. Qxf6 gxf6 {[%mdl 4096] Endgame KRR-KRR} 24. Rd7 b6 25. Re1 a5 26. Rb7 (26. Rd6 $16) 26... Rab8 $14 27. Ree7 Kg7 (27... Rxb7 $14 28. Rxb7 Rc8) 28. Rxf7+ {[%mdl 64] Deflection} Rxf7 29. Rxb8 $18 {KR-KR} Rd7 {[%cal Rd7d1]} 30. g3 Rd6 31. Kg2 Kg6 32. a3 {[%cal Ba2a3,Ba3b4,Bb4b5][%mdl 32]} h6 33. h4 f5 (33... h5 $16 34. b4 Rd3 35. Rxb6 Rxa3) 34. Rb7 h5 35. b4 axb4 $2 (35... f4 $16 36. gxf4 axb4) 36. axb4 Kf6 37. b5 Kg6 38. Kf3 Rd3+ $2 (38... Kf6 39. Kf4 Rd4+ 40. Ke3 Re4+ 41. Kd3 Re6) 39. Kf4 Rd4+ {[#]} 40. Ke5 $1 Re4+ 41. Kd5 Re2 42. Rxb6+ Kf7 43. Rh6 Rxf2 44. Rxh5 Rb2 45. Kc5 (45. Rxf5+ $142 Ke7 46. Kc6 Ke6 47. Rg5 Rc2+ 48. Rc5 Rg2 49. b6 Rd2 50. b7) 45... Rc2+ 46. Kb6 Rb2 47. Rxf5+ {White mates.} Ke6 48. Rg5 Kf6 49. Kc6 Rc2+ 50. Rc5 {Accuracy: White = 78%, Black = 46%.} 1-0

[Event "Stay Safe Play From Home 222"]
[Site "T#646744Emanuel Laske"]
[Date "2020.06.12"]
[Round "7"]
[White "Lazieri3"]
[Black "Erdema"]
[Result "1-0"]
[WhiteElo "2052"]
[BlackElo "1607"]
[Annotator "TA"]
[PlyCount "131"]
[EventDate "2020.06.12"]
[EventType "swiss (blitz)"]

{[%evp 14,130,22,-27,-23,-42,-25,-39,-41,-31,-14,-36,-40,-116,-60,-144,-33,-325,-333,-362,-362,-388,-372,-406,-409,-417,-365,-391,-309,-297,-305,-289,-291,-270,-241,-296,-265,-296,-256,-250,-225,-268,-257,-269,-252,-257,-252,-324,-230,-573,-141,-230,-230,-227,-227,-227,-208,-219,-165,-146,-152,-238,-223,-229,-223,-236,-239,-244,-244,-254,-244,-237,-221,-215,-224,-283,-281,-288,-283,-29997,-252,-316,-316,-292,-197,-193,-191,-189,-181,-190,-140,-127,29982,29983,29987,29988,29988,29989,29989,29990,29990,29991,29993,29993,29993,29994,29994,29995,29995,29996,29996,29996,29996,29997,29997,29998,29998,29999,29999]} 1. e4 e5 2. Nf3 Nc6 3. Bc4 Bc5 4. O-O Nf6 5. c3 d6 6. d4 exd4 7. cxd4 Bb6 8. Bg5 h6 {C56: Two Knights: 4 d4 exd4 5 0-0 Nxe4.} 9. Bxf6 Qxf6 10. e5 dxe5 {Black is slightly better.} 11. dxe5 Qe7 12. h3 O-O 13. Re1 {[#]} (13. Nc3 $15) 13... Bf5 $146 (13... Bxf2+ $1 $17 {[%mdl 512]} 14. Kxf2 Qc5+ {[%mdl 64] Double Attack} 15. Kg3 Qxc4) ({Predecessor:} 13... Qc5 14. Qe2 Re8 15. Nc3 Qd5 16. Nd4 Qc5 17. Nf3 Nd4 18. Nxd4 Qxd4 19. Rad1 Qh4 {1-0 (35) Carneiro,F (1910)-Carneiro,J (1643) Natal 2013}) 14. Nc3 {[#]} ({White should try} 14. Qe2 $15) 14... Rfd8 (14... Bxf2+ $1 $17 {[%mdl 512]} 15. Kxf2 Qc5+ {[%mdl 64] Double Attack} 16. Kg3 Qxc4) 15. Nd5 $2 {[%mdl 8192]} (15. Qe2 $15) 15... Qc5 $19 16. Qe2 Rxd5 17. Bxd5 Qxd5 18. Red1 Qe6 19. Rd2 Qe7 20. Rad1 Rd8 21. Rxd8+ Nxd8 22. Nd4 Bxd4 23. Rxd4 Nc6 24. Ra4 a6 ({Weaker is} 24... Nxe5 25. Rxa7 Bd3 26. Qe3 $17) 25. f4 f6 26. Qh5 Bd7 {[%cal Rc6e5]} 27. Re4 fxe5 28. fxe5 Be6 29. b3 Bd5 30. Re2 Bf7 31. Qf3 $2 (31. Qg4 {nothing else works.}) 31... Kh8 $2 (31... Nd4 $19 {has better winning chances.} 32. Qg4 Nxe2+ 33. Qxe2 Bd5) 32. Qe3 (32. e6 $17 Bg6 33. Qe3) 32... Be6 33. Rf2 Bg8 34. Re2 Qe6 35. Qf4 Qf7 36. Qxf7 Bxf7 37. Kf2 (37. e6 $17 Be8 38. Rf2) 37... Be6 38. Ke3 Kg8 39. Ke4 Kf7 40. Rf2+ Ke7 41. Rf1 Nd8 42. Rf2 c6 43. Rd2 Bd5+ 44. Kf4 Ne6+ 45. Kf5 Kf7 {( -> ...h5)} 46. h4 $2 (46. Kg4 $19) 46... g6+ $2 (46... h5 {mates} 47. Rxd5 cxd5 48. g4 g6#) 47. Kg4 Ng7 48. Rf2+ Nf5 49. h5 Be6 50. hxg6+ Kxg6 51. Kf4 h5 52. g4 h4 $2 {[%mdl 8192]} (52... hxg4 $17 53. Kxg4 Ne7+ 54. Kf4 Bf5) 53. gxf5+ {White mates.} Bxf5 {[%mdl 4096] Endgame KR-KB} 54. Rg2+ Kf7 55. Kxf5 {KR-KP} h3 56. Rh2 Ke7 57. Rxh3 {KR-K3P} Kf7 58. Rh7+ Ke8 59. Rxb7 {KR-KPP} c5 60. e6 c4 61. Kf6 {[%cal Rb7b8]} Kd8 62. bxc4 a5 63. Ra7 a4 64. e7+ Ke8 65. Ke6 {[%cal Ra7a8]} a3 66. Ra8# {What a bad dream for Black. Accuracy: White = 52%, Black = 55%.} 1-0

[Event "Stay Safe Play From Home 222"]
[Site "T#646744Emanuel Laske"]
[Date "2020.06.12"]
[Round "7"]
[White "Archi-ak"]
[Black "Haris kollari 13"]
[Result "0-1"]
[WhiteElo "1816"]
[BlackElo "2039"]
[Annotator "NA RC"]
[PlyCount "90"]
[EventDate "2020.06.12"]
[EventType "swiss (blitz)"]

1. e4 {[%emt 0:00:01]} e6 {[%emt 0:00:01]} 2. d4 {[%emt 0:00:01]} d5 {[%emt 0:00:01]} 3. Nd2 {[%emt 0:00:00]} Nf6 {[%emt 0:00:01]} 4. Bd3 {[%emt 0:00:01]} Be7 {[%emt 0:00:02]} 5. Ngf3 {[%emt 0:00:02]} c5 {[%emt 0:00:04]} 6. exd5 {[%emt 0:00:02]} exd5 {[%emt 0:00:01]} 7. dxc5 {[%emt 0:00:00]} Bxc5 {[%emt 0:00:01]} 8. O-O {[%emt 0:00:02]} O-O {[%emt 0:00:01]} 9. c3 {[%emt 0:00:00]} Nc6 {[%emt 0:00:03]} 10. Nb3 {[%emt 0:00:00]} Bb6 {[%emt 0:00:02]} 11. Bg5 {[%emt 0:00:04]} Bg4 {[%emt 0:00:04]} 12. Bc2 {[%emt 0:00:03]} Ne5 {[%emt 0:00:13]} 13. Nbd4 {[%emt 0:00:11]} h6 {[%emt 0:00:20]} 14. Bh4 {[%emt 0:00:16]} Bxd4 {[%emt 0:00:08]} 15. cxd4 {[%emt 0:00:01]} Nxf3+ {[%emt 0:00:06]} 16. gxf3 {[%emt 0:00:00]} Bh3 {[%emt 0:00:02]} 17. Re1 {[%emt 0:00:00]} Qd6 {[%emt 0:00:05]} 18. Bg3 {[%emt 0:00:06]} Qd7 {[%emt 0:00:04]} 19. Qd3 {[%emt 0:00:04]} g6 {[%emt 0:00:06]} 20. Be5 {[%emt 0:00:07]} Nh5 {[%emt 0:00:04]} 21. Kh1 {[%emt 0:00:11]} Rac8 {[%emt 0:00:04]} 22. Rg1 {[%emt 0:00:03]} Qe6 {[%emt 0:00:34]} 23. Qd2 {[%emt 0:00:36]} Kh7 {[%emt 0:00:01]} 24. Rac1 {[%emt 0:00:17]} Bf5 {[%emt 0:00:02]} 25. Bxf5 {[%emt 0:00:07]} Qxf5 {[%emt 0:00:01]} 26. Qe3 {[%emt 0:00:06]} Rc6 {[%emt 0:00:17]} 27. Rxc6 {[%emt 0:00:02]} bxc6 {[%emt 0:00:01]} 28. Rc1 {[%emt 0:00:08]} Rc8 {[%emt 0:00:02]} 29. Bg3 {[%emt 0:00:09]} Qe6 {[%emt 0:00:07]} 30. Kg2 {[%emt 0:00:04]} Ng7 {[%emt 0:00:05]} 31. Qa3 {[%emt 0:00:31]} Qd7 {[%emt 0:00:09]} 32. Rc5 {[%emt 0:00:09]} Ne6 {[%emt 0:00:02]} 33. Ra5 {[%emt 0:00:02]} Nxd4 {[%emt 0:00:19]} 34. Rxa7 {[%emt 0:00:02]} Qf5 {[%emt 0:00:01]} 35. Qe3 {[%emt 0:00:09]} Ne6 {[%emt 0:00:05]} 36. a4 {[%emt 0:00:05]} c5 {[%emt 0:00:12]} 37. Qe5 {[%emt 0:00:09]} Qxe5 {[%emt 0:00:25]} 38. Bxe5 {[%emt 0:00:00]} Kg8 {[%emt 0:00:01]} 39. Kf1 {[%emt 0:00:02]} d4 {[%emt 0:00:01]} 40. Ke2 {[%emt 0:00:01]} c4 {[%emt 0:00:02]} 41. Rc7 {[%emt 0:00:03]} Rxc7 {[%emt 0:00:02]} 42. Bxc7 {[%emt 0:00:00]} Kf8 {[%emt 0:00:00]} 43. a5 {[%emt 0:00:02]} Nxc7 {[%emt 0:00:02]} 44. f4 {[%emt 0:00:02]} f5 {[%emt 0:00:02]} 45. Kf3 {[%emt 0:00:00]} Ke7 {[%emt 0:00:01] Archi-ak resigns (Lag: Av=0.79s, max=3.9s)} 0-1

[Event "Stay Safe Play From Home 222"]
[Site "T#646744Emanuel Laske"]
[Date "2020.06.12"]
[Round "7"]
[White "Shyamph1980"]
[Black "Topspin"]
[Result "0-1"]
[WhiteElo "1681"]
[BlackElo "1454"]
[Annotator "NA RC"]
[PlyCount "68"]
[EventDate "2020.06.12"]
[EventType "swiss (blitz)"]

1. e4 {[%emt 0:00:03]} c5 {[%emt 0:00:02]} 2. Nf3 {[%emt 0:00:01]} e6 {[%emt 0:00:01]} 3. Nc3 {[%emt 0:00:04]} Nc6 {[%emt 0:00:02]} 4. d3 {[%emt 0:00:03]} g6 {[%emt 0:00:02]} 5. Be2 {[%emt 0:00:01]} Bg7 {[%emt 0:00:04]} 6. Bd2 {[%emt 0:00:01]} Nge7 {[%emt 0:00:23]} 7. Rb1 {[%emt 0:00:04]} O-O {[%emt 0:00:02]} 8. O-O {[%emt 0:00:03]} d5 {[%emt 0:00:03]} 9. a3 {[%emt 0:00:27]} d4 {[%emt 0:00:02]} 10. Na2 {[%emt 0:00:03]} a5 {[%emt 0:00:07]} 11. c3 {[%emt 0:00:04]} b5 {[%emt 0:00:07]} 12. cxd4 {[%emt 0:00:06]} Bxd4 {[%emt 0:00:05]} 13. Bc3 {[%emt 0:00:08]} Bb7 {[%emt 0:00:06]} 14. Bxd4 {[%emt 0:00:03]} Nxd4 {[%emt 0:00:02]} 15. Nxd4 {[%emt 0:00:02]} Qxd4 {[%emt 0:00:01]} 16. Qc2 {[%emt 0:00:01]} Rac8 {[%emt 0:00:10]} 17. Qb3 {[%emt 0:00:13]} b4 {[%emt 0:00:10]} 18. Rfc1 {[%emt 0:00:27]} Ba6 {[%emt 0:00:10]} 19. axb4 {[%emt 0:00:14]} cxb4 {[%emt 0:00:09]} 20. Rd1 {[%emt 0:00:06]} Rc5 {[%emt 0:00:09]} 21. Rbc1 {[%emt 0:00:05]} Rfc8 {[%emt 0:00:01]} 22. Rxc5 {[%emt 0:00:03]} Rxc5 {[%emt 0:00:05]} 23. Nc1 {[%emt 0:00:01]} Bb5 {[%emt 0:00:19]} 24. Qa2 {[%emt 0:00:06]} a4 {[%emt 0:00:04]} 25. Qb1 {[%emt 0:00:13]} b3 {[%emt 0:00:04]} 26. Qa1 {[%emt 0:00:08]} Rc2 {[%emt 0:00:05]} 27. Qa3 {[%emt 0:00:04]} Nc6 {[%emt 0:00:12]} 28. Bf3 {[%emt 0:00:10]} Qxb2 {[%emt 0:00:15]} 29. Qxb2 {[%emt 0:00:05]} Rxb2 {[%emt 0:00:01]} 30. d4 {[%emt 0:00:02]} Rb1 {[%emt 0:00:15]} 31. d5 {[%emt 0:00:02]} exd5 {[%emt 0:00:02]} 32. exd5 {[%emt 0:00:01]} Ne5 {[%emt 0:00:04]} 33. d6 {[%emt 0:00:04]} b2 {[%emt 0:00:05]} 34. Na2 {[%emt 0:00:11]} Rxd1+ {[%emt 0:00:02] Shyamph1980 resigns (Lag: Av=2.31s, max=5.7s)} 0-1

[Event "Stay Safe Play From Home 222"]
[Site "T#646744Emanuel Laske"]
[Date "2020.06.12"]
[Round "7"]
[White "Germanicus G"]
[Black "Tunca"]
[Result "1-0"]
[WhiteElo "1601"]
[BlackElo "1815"]
[Annotator "NA RC"]
[PlyCount "112"]
[EventDate "2020.06.12"]
[EventType "swiss (blitz)"]

1. Nf3 {[%emt 0:00:05]} d6 {[%emt 0:00:32]} 2. d4 {[%emt 0:00:03]} c5 {[%emt 0:00:06]} 3. dxc5 {[%emt 0:00:02]} Qa5+ {[%emt 0:00:02]} 4. c3 {[%emt 0:00:05]} Qxc5 {[%emt 0:00:02]} 5. Be3 {[%emt 0:00:01]} Qh5 {[%emt 0:00:14]} 6. g3 {[%emt 0:00:04]} Nc6 {[%emt 0:00:10]} 7. Bg2 {[%emt 0:00:02]} Nf6 {[%emt 0:00:14]} 8. O-O {[%emt 0:00:05]} Ng4 {[%emt 0:00:40]} 9. Bd2 {[%emt 0:00:21]} Nce5 {[%emt 0:00:13]} 10. h3 {[%emt 0:00:16]} Nxf3+ {[%emt 0:00:05]} 11. exf3 {[%emt 0:00:03]} Ne5 {[%emt 0:00:06]} 12. g4 {[%emt 0:00:02]} Qg6 {[%emt 0:00:15]} 13. f4 {[%emt 0:00:20]} Nc6 {[%emt 0:00:06]} 14. f5 {[%emt 0:00:05]} Qf6 {[%emt 0:00:04]} 15. Be3 {[%emt 0:00:18]} g6 {[%emt 0:00:02]} 16. fxg6 {[%emt 0:00:03]} hxg6 {[%emt 0:00:07]} 17. Nd2 {[%emt 0:00:00]} Bg7 {[%emt 0:00:22]} 18. Ne4 {[%emt 0:00:07]} Qe5 {[%emt 0:00:06]} 19. f4 {[%emt 0:00:21]} Qa5 {[%emt 0:00:01]} 20. Ng3 {[%emt 0:00:29]} Be6 {[%emt 0:00:04]} 21. f5 {[%emt 0:00:04]} gxf5 {[%emt 0:00:00]} 22. Nxf5 {[%emt 0:00:02]} Be5 {[%emt 0:00:08]} 23. Nd4 {[%emt 0:00:06]} Nxd4 {[%emt 0:00:03]} 24. Bxd4 {[%emt 0:00:02]} O-O-O {[%emt 0:00:05]} 25. Bxe5 {[%emt 0:00:03]} Qxe5 {[%emt 0:00:00]} 26. Qd4 {[%emt 0:00:04]} Qxd4+ {[%emt 0:00:01]} 27. cxd4 {[%emt 0:00:02]} Kb8 {[%emt 0:00:00]} 28. d5 {[%emt 0:00:02]} Bd7 {[%emt 0:00:02]} 29. Rxf7 {[%emt 0:00:02]} e6 {[%emt 0:00:04]} 30. dxe6 {[%emt 0:00:08]} Bxe6 {[%emt 0:00:00]} 31. Re7 {[%emt 0:00:02]} Bd7 {[%emt 0:00:04]} 32. Rd1 {[%emt 0:00:03]} Kc7 {[%emt 0:00:02]} 33. Rc1+ {[%emt 0:00:02]} Kb8 {[%emt 0:00:02]} 34. Kf2 {[%emt 0:00:03]} Rhf8+ {[%emt 0:00:02]} 35. Kg3 {[%emt 0:00:01]} Rfe8 {[%emt 0:00:01]} 36. Rxe8 {[%emt 0:00:02]} Rxe8 {[%emt 0:00:00]} 37. Rc2 {[%emt 0:00:06]} Re3+ {[%emt 0:00:02]} 38. Kh2 {[%emt 0:00:02]} Re1 {[%emt 0:00:07]} 39. Rd2 {[%emt 0:00:00]} Kc7 {[%emt 0:00:02]} 40. g5 {[%emt 0:00:01]} Bf5 {[%emt 0:00:04]} 41. h4 {[%emt 0:00:02]} Re5 {[%emt 0:00:02]} 42. Kg3 {[%emt 0:00:04]} Bd7 {[%emt 0:00:02]} 43. Kf4 {[%emt 0:00:02]} Rf5+ {[%emt 0:00:03]} 44. Kg3 {[%emt 0:00:01]} Re5 {[%emt 0:00:01]} 45. Bf3 {[%emt 0:00:04]} Re3 {[%emt 0:00:01]} 46. Kf4 {[%emt 0:00:02]} Re1 {[%emt 0:00:01]} 47. g6 {[%emt 0:00:01]} Rg1 {[%emt 0:00:02]} 48. h5 {[%emt 0:00:01]} Rf1 {[%emt 0:00:02]} 49. Kg3 {[%emt 0:00:07]} Rg1+ {[%emt 0:00:04]} 50. Rg2 {[%emt 0:00:02]} Re1 {[%emt 0:00:02]} 51. g7 {[%emt 0:00:02]} Re8 {[%emt 0:00:02]} 52. h6 {[%emt 0:00:01]} Bf5 {[%emt 0:00:02]} 53. Bd5 {[%emt 0:00:03]} Bh7 {[%emt 0:00:03]} 54. Kh4 {[%emt 0:00:02]} Re5 {[%emt 0:00:04]} 55. g8=Q {[%emt 0:00:03]} Bxg8 {[%emt 0:00:01]} 56. Bxg8 {[%emt 0:00:01]} Re4+ {[%emt 0:00:01] Tunca resigns (Lag: Av=0.34s, max=0.6s)} 1-0